| Registos Bibliográficos associados ao registo de autoridade |
|
Etiqueta de registo: 00000nam 2200025 450 001 2239514 003 http://id.bnportugal.gov.pt/bib/catbnp/2239514 010 ## $a978-989-36080-3-6 021 ## $aPT$b555953/25 100 ## $a20251216d2025 m y0pory01030103ba 101 0# $apor$aeng 102 ## $aPT 105 ## $aa b 000yy 106 ## $ar 200 1# $a O Eu como múltiplo$dThe Self as multiple$ftextos Carolina Quintela$zeng 210 #9 $aLisboa$cMACAM - Museu de Arte Contemporânea Armando Martins,$dD.L. 2025 215 ## $a105, [2] p.$cil.$d26 cm 305 ## $aEd. bilingue em português e inglês 510 1# $a The Self as multiple$zeng 675 ## $a73/75.038.5A/Z"19/20"(083.82)$vBN$zpor$31940641 675 ## $a7.038.5A/Z"19/20"(083.82)$vBN$zpor$31399655 675 ## $a7.038.5A/Z"19/20"(042)$vBN$zpor$31825883 700 #1 $92$aQuintela,$bCarolina$31974196 801 #0 $aPT$bBN$gRPC 856 41 $uhttp://rnod.bnportugal.gov.pt/ImagesBN/winlibimg.aspx?skey=&doc=2239514&img=217879&save=true 900 ## $aBIBNAC$d20260127 966 ## $lBN$mFGMON$sB.A. 53112 V.$x1 966 ## $lBN$mFGMON$sB.A. 53112 V.-D$x1 971 ## $corlando$d20251216 972 ## $e0$z0$d20260127$viquintas 973 ## $ctrodrigues$d20260116
Etiqueta de registo: 00254nam 2200025 450 001 2276630 003 http://id.bnportugal.gov.pt/bib/catbnp/2276630 010 ## $a978-989-36080-4-3 021 ## $aPT$b559059/26 100 ## $a20260305d2026 m y0pory01030103ba 101 0# $apor$aeng 102 ## $aPT 105 ## $aa b 000yy 106 ## $ar 200 1# $aJuliet and Juliet$fCarolina Quintela, Isabel Cordovil$gtrad. Madalena Tamen 210 #9 $aLisboa$cMuseu de Arte Contemporânea Armando Martins,$dD.L. 2026 215 ## $a[26] p.$cil.$d21 cm 305 ## $aEd. bilingue em português e inglês 675 ## $a7.038.5(=1:469)"20"(083.82)$vBN$zpor$31278225 675 ## $a7.038.5Cordovil, Isabel(042)$vBN$zpor$31994240 675 ## $a7.038.5Cordovil, Isabel(083.82)$vBN$zpor$31959424 700 #1 $92$aQuintela,$bCarolina$31974196 701 #1 $aCordovil,$bIsabel,$f1994-$4070$31957927 702 #1 $aTamen,$bMadalena$4730$31961749 801 #0 $aPT$bBN$gRPC 856 41 $uhttp://rnod.bnportugal.gov.pt/ImagesBN/winlibimg.aspx?skey=&doc=2276630&img=220927&save=true 900 ## $aBIBNAC$d20260408 966 ## $lBN$mFGMON$sB.A. 53582 V.$x1 971 ## $cabrito$d20260305 972 ## $e0$z0$d20260408$vasantos 973 ## $ctrodrigues$d20260330
|
|
|